Bruno Kreisky - středoevropský politik

Titel: Bruno Kreisky - středoevropský politik / Zbyněk Jalovec
Verfasser:
Veröffentlicht: Praha : EVA - Milan Nevole, 1999
Umfang: 20 S. ; 21 cm
Format: Buch
Sprache: Tschechisch
Schriftenreihe/
mehrbändiges Werk:
Velcí Evropané
ISBN: 8086219178 ; 9788086219172
Buchumschlag
X
Lokale Klassifikation: 2 K 1938 ; 21 7 V
alg: 33294659
001A    $03004:25-10-13 
001B    $01999:09-06-23 $t21:06:26.000 
001C    $03004:25-10-13 $t18:49:58.000 
001D    $03004:25-10-13 
001U    $0utf8 
001X    $00 
002@    $0Aau 
003@    $0332946592 
003O    $042820900 $aOCoLC 
004A    $080-86219-17-8 
004A    $A978-80-86219-17-2 
007A    $0332946592 $aHEB 
010@    $acze 
011@    $a1999 
021A    $aBruno Kreisky - středoevropský politik $hZbyněk Jalovec 
027A    $aVelcí Evropané 
028A    $7 $8Jalovec, Zbyněk [Tnu] $9332946606 
033A    $pPraha $nEVA - Milan Nevole 
034D    $a20 S. 
034I    $a21 cm 
036G    $aVelcí Evropané 
045F    $a909 $eDDC23BSB 
045F/01 $a909 
045F/03 $g436 

lok: 33294659 24
101B    $025-10-13 $t18:49:58.000 
101C    $025-10-13 
101U    $0utf8 
145Z/01 $a2 K 1938 
145Z/02 $a21 7 V 

exp: 33294659 24 1 #EPN
201B/01 $025-10-13 $t18:49:58.000 
201C/01 $025-10-13 
201U/01 $0utf8 
203@/01 $0722256221 
208@/01 $a25-10-13 $bz 
209A/01 $aS 19694 $du $f050 $hS 19694 $x00 
209C/01 $a03.3572 T $h03 3572 T 
209G/01 $a73041511 $x00 
220C/01 $akon 
244Z/01 $7118566512 $8--Tp1--Kreisky, Bruno$Z1911-1990 $x01 $9086907549 
247C/01 $8358050-7 Marburg, Bibliothek des Herder-Instituts Marburg $9102600961
LEADER 00000cam a2200000 c 4500
001 332946592
003 DE-603
005 20230609210626.0
007 tu
008 131025s1999 xx |||| | u00||u|cze c
020 |a 8086219178 
020 |a 9788086219172 
035 |a (DE-599)HEB332946592 
035 |a (OCoLC)42820900 
040 |a DE-603  |b ger  |c DE-603  |d DE-603 
041 |a cze 
082 0 4 |8 1\u  |a 909  |q DE-101  |2 23/BSB 
085 |8 1\u  |b 909 
085 |8 1\u  |z 2  |s 436 
100 1 |a Jalovec, Zbyněk  |0 (DE-603)332946606 
245 0 0 |a Bruno Kreisky - středoevropský politik  |c Zbyněk Jalovec 
246 1 3 |a Velcí Evropané 
264 1 |a Praha  |b EVA - Milan Nevole  |c 1999 
300 |a 20 S.  |c 21 cm 
490 0 |a Velcí Evropané 
924 0 |9 Mb 50  |a (DE-603)722256221  |b DE-Mb50  |c HES  |d c  |g S 19694